[Event "SWE-chT 2324 Elite"]
[Site "Sweden"]
[Date "2023.10.14"]
[Round "2.1"]
[White "Landgren, Andreas"]
[Black "Larsson, Anders"]
[Result "1/2-1/2"]
[WhiteElo "2230"]
[BlackElo "2217"]
[PlyCount "37"]
[EventDate "2023.10.13"]
[EventType "team-tourn"]
[EventRounds "9"]
[EventCountry "SWE"]
[SourceTitle "Mega2024 Update 01"]
[Source "Chessbase"]
[SourceDate "2023.11.12"]
[SourceVersion "1"]
[SourceVersionDate "2023.11.12"]
[SourceQuality "1"]
[WhiteTeam "Vasteras"]
[BlackTeam "Kungstornet"]
[WhiteTeamCountry "SWE"]
[BlackTeamCountry "SWE"]

1. d4 e6 2. c4 Bb4+ 3. Bd2 Bxd2+ 4. Qxd2 Nf6 5. Nc3 d5 6. Nf3 0-0 7. e3 Qe7 8. Bd3 Nbd7 9. 0-0 c6 10. e4 dxe4 11. Nxe4 Nxe4 12. Bxe4 Nf6 13. Bc2 Rd8 14. Qe3 b6 15. Rad1 Bb7 16. Rfe1 h6 17. h3 Rac8 18. a3 Qc7 19. Ne5 1/2-1/2

[Event "SWE-chT 2324 Elite"]
[Site "Sweden"]
[Date "2023.10.13"]
[Round "1.4"]
[White "Landgren, Andreas"]
[Black "Mauritsson, Sebastian"]
[Result "1/2-1/2"]
[WhiteElo "2230"]
[BlackElo "2390"]
[PlyCount "50"]
[EventDate "2023.10.13"]
[EventType "team-tourn"]
[EventRounds "9"]
[EventCountry "SWE"]
[SourceTitle "Mega2024 Update 01"]
[Source "Chessbase"]
[SourceDate "2023.11.12"]
[SourceVersion "1"]
[SourceVersionDate "2023.11.12"]
[SourceQuality "1"]
[WhiteTeam "Vasteras"]
[BlackTeam "Lunds"]
[WhiteTeamCountry "SWE"]
[BlackTeamCountry "SWE"]

1. d4 d5 2. c4 c6 3. Nf3 Nf6 4. Nc3 dxc4 5. a4 e6 6. e3 c5 7. Bxc4 Nc6 8. 0-0 cxd4 9. exd4 Be7 10. Re1 0-0 11. Bf4 Bd7 12. Qe2 Rc8 13. Rad1 Nb4 14. d5 exd5 15. Nxd5 Nbxd5 16. Bxd5 Bb4 17. Bxb7 Re8 18. Qf1 Bxe1 19. Bxc8 Qxc8 20. Rxe1 Bxa4 21. Rxe8+ Bxe8 22. Qc1 Qxc1+ 23. Bxc1 Nd5 24. Bd2 f6 25. Nd4 Kf7 1/2-1/2

[Event "SWE-chT 2223 Elite"]
[Site "Sweden"]
[Date "2023.03.12"]
[Round "9.3"]
[White "Landgren, Andreas"]
[Black "Jepson, Christian"]
[Result "1/2-1/2"]
[WhiteElo "2230"]
[BlackElo "2401"]
[PlyCount "53"]
[EventDate "2022.10.14"]
[EventType "team-tourn"]
[EventRounds "9"]
[EventCountry "SWE"]
[SourceTitle "CBM 213 Extra"]
[Source "ChessBase"]
[SourceDate "2023.05.31"]
[SourceVersion "1"]
[SourceVersionDate "2023.05.31"]
[SourceQuality "1"]
[WhiteTeam "Vasteras"]
[BlackTeam "Limhamn"]
[WhiteTeamCountry "SWE"]
[BlackTeamCountry "SWE"]

1. d4 Nf6 2. c4 d6 3. Nc3 g6 4. e4 Bg7 5. Nf3 0-0 6. Be2 c5 7. 0-0 Na6 8. d5 e6 9. h3 Re8 10. Bd3 Nb4 11. Bb1 exd5 12. exd5 b5 13. Nxb5 Ba6 14. a4 Qb6 15. Ra3 Bxb5 16. axb5 a6 17. bxa6 Rxa6 18. Re3 Ra1 19. Rxe8+ Nxe8 20. Qe2 Nf6 21. Bd2 Ra8 22. Re1 Qa6 23. b3 Qb7 24. Bc3 Nh5 25. Bxg7 Nxg7 26. Qd2 Re8 27. Rxe8+ 1/2-1/2

[Event "SWE-chT 2223 Elite"]
[Site "Sweden"]
[Date "2023.03.10"]
[Round "7.3"]
[White "Landgren, Andreas"]
[Black "Wedberg, Tom"]
[Result "1-0"]
[WhiteElo "2230"]
[BlackElo "2395"]
[PlyCount "73"]
[EventDate "2022.10.14"]
[EventType "team-tourn"]
[EventRounds "9"]
[EventCountry "SWE"]
[SourceTitle "CBM 213 Extra"]
[Source "ChessBase"]
[SourceDate "2023.05.31"]
[SourceVersion "1"]
[SourceVersionDate "2023.05.31"]
[SourceQuality "1"]
[WhiteTeam "Vasteras"]
[BlackTeam "Wasa"]
[WhiteTeamCountry "SWE"]
[BlackTeamCountry "SWE"]

1. d4 Nf6 2. c4 e6 3. Nf3 Bb4+ 4. Nbd2 b6 5. a3 Bxd2+ 6. Bxd2 Bb7 7. g3 0-0 8. Bg2 d6 9. 0-0 Nbd7 10. Ne1 Bxg2 11. Nxg2 Qe7 12. Qc2 e5 13. d5 Rac8 14. e4 c6 15. Bc3 Nc5 16. Rae1 b5 17. cxb5 cxd5 18. exd5 Nxd5 19. Ne3 Nxc3 20. bxc3 Qd7 21. Nd5 f5 22. f4 e4 23. c4 Rfe8 24. a4 Qf7 25. Re2 Nd3 26. a5 Rc5 27. Qa2 Rec8 28. Rc2 Qxd5 29. cxd5 Rxc2 30. Qa3 R2c5 31. b6 a6 32. Rb1 h6 33. Qa4 e3 34. b7 Rc1+ 35. Rxc1 Rxc1+ 36. Kg2 e2 37. Qe8+ 1-0

[Event "Sundsvall op"]
[Site "Sundsvall"]
[Date "2023.01.07"]
[Round "6"]
[White "Landgren, Andreas"]
[Black "Pettersson, Tobias"]
[Result "1/2-1/2"]
[WhiteElo "2236"]
[BlackElo "2111"]
[PlyCount "70"]
[EventDate "2023.01.06"]
[EventType "swiss"]
[EventRounds "8"]
[EventCountry "SWE"]
[SourceTitle "EXT 2024"]
[Source "ChessBase"]
[SourceDate "2023.10.10"]
[SourceVersion "1"]
[SourceVersionDate "2023.10.10"]
[SourceQuality "1"]

1. d4 d6 2. e4 Nf6 3. Nc3 g6 4. Be3 c6 5. Qd2 Nbd7 6. Nf3 Qc7 7. a4 Bg7 8. h3 0-0 9. a5 e5 10. dxe5 dxe5 11. Bc4 Nh5 12. 0-0 Nf4 13. Rfd1 h6 14. Qd6 Qxd6 15. Rxd6 g5 16. Rad1 Rd8 17. Nh2 Bf8 18. R6d2 Kg7 19. Na2 Be7 20. Bb3 h5 21. c3 Kf8 22. Nb4 a6 23. Nf3 f6 24. Bb6 Nxb6 25. Rxd8+ Bxd8 26. Rxd8+ Ke7 27. Rh8 Nd7 28. h4 g4 29. Nd2 Nf8 30. g3 N4g6 31. Rxh5 Be6 32. Bxe6 Kxe6 33. Kf1 Rd8 34. Ke2 Ne7 35. Nd3 Kf7 1/2-1/2

[Event "SWE-chT 2223 Elite"]
[Site "Sweden"]
[Date "2022.10.15"]
[Round "2.5"]
[White "Krantz, Christopher"]
[Black "Landgren, Andreas"]
[Result "1/2-1/2"]
[WhiteElo "2242"]
[BlackElo "2230"]
[PlyCount "56"]
[EventDate "2022.10.14"]
[EventType "team-tourn"]
[EventRounds "9"]
[EventCountry "SWE"]
[SourceTitle "CBM 210 Extra"]
[Source "ChessBase"]
[SourceDate "2022.11.30"]
[SourceVersion "1"]
[SourceVersionDate "2022.11.30"]
[SourceQuality "1"]
[WhiteTeam "Eksjo"]
[BlackTeam "Vasteras"]
[WhiteTeamCountry "SWE"]
[BlackTeamCountry "SWE"]

1. d4 Nf6 2. Nf3 e6 3. Bg5 h6 4. Bh4 c5 5. c3 b6 6. e3 Bb7 7. Nbd2 Be7 8. Bd3 0-0 9. 0-0 d6 10. Re1 Nc6 11. a3 Nh5 12. Bxe7 Qxe7 13. e4 e5 14. dxc5 dxc5 15. Nc4 Rad8 16. Qc2 Nf4 17. Bf1 Qf6 18. g3 Ne6 19. Kg2 Ng5 20. Nxg5 Qxg5 21. Kg1 Bc8 22. Ne3 Kh8 23. Rad1 Be6 24. Qa4 Na5 25. Nc4 Nxc4 26. Bxc4 Bxc4 27. Qxc4 Rd2 28. b4 Qd8 1/2-1/2

[Event "SWE-chT 2223 Elite"]
[Site "Sweden"]
[Date "2022.10.14"]
[Round "1.2"]
[White "Aronsson, Marten"]
[Black "Landgren, Andreas"]
[Result "1/2-1/2"]
[WhiteElo "2227"]
[BlackElo "2230"]
[PlyCount "50"]
[EventDate "2022.10.14"]
[EventType "team-tourn"]
[EventRounds "9"]
[EventCountry "SWE"]
[SourceTitle "CBM 210 Extra"]
[Source "ChessBase"]
[SourceDate "2022.11.30"]
[SourceVersion "1"]
[SourceVersionDate "2022.11.30"]
[SourceQuality "1"]
[WhiteTeam "Kungstornet"]
[BlackTeam "Vasteras"]
[WhiteTeamCountry "SWE"]
[BlackTeamCountry "SWE"]

1. d4 Nf6 2. Nf3 e6 3. g3 d5 4. Bg2 c5 5. 0-0 Nc6 6. c4 dxc4 7. dxc5 Qxd1 8. Rxd1 Bxc5 9. Nbd2 c3 10. bxc3 0-0 11. Ne1 Bd7 12. Nd3 Be7 13. Nc4 Rfd8 14. Rb1 b6 15. Ba3 Rac8 16. Nd6 Bxd6 17. Bxd6 Be8 18. Nb4 Nxb4 19. Bxb4 Ba4 20. Rxd8+ Rxd8 21. c4 Rc8 22. Rc1 Nd7 23. Ba3 f6 24. f4 Kf7 25. Kf2 Nc5 1/2-1/2

[Event "SWE-ch Masters"]
[Site "Uppsala"]
[Date "2022.07.03"]
[Round "2"]
[White "Landgren, Andreas"]
[Black "Olsson, Svante"]
[Result "1-0"]
[WhiteElo "2224"]
[BlackElo "2156"]
[PlyCount "67"]
[EventDate "2022.07.02"]
[EventType "swiss"]
[EventRounds "9"]
[EventCountry "SWE"]
[SourceTitle "EXT 2024"]
[Source "ChessBase"]
[SourceDate "2023.10.10"]
[SourceVersion "1"]
[SourceVersionDate "2023.10.10"]
[SourceQuality "1"]

1. e4 c5 2. Nf3 d6 3. d4 cxd4 4. Nxd4 Nf6 5. Nc3 g6 6. Be3 Bg7 7. f3 0-0 8. Qd2 Nc6 9. 0-0-0 Bd7 10. Kb1 Rc8 11. g4 Ne5 12. h4 h5 13. Nd5 hxg4 14. Nxf6+ Bxf6 15. f4 Nc4 16. Bxc4 Rxc4 17. h5 e5 18. Nb3 gxh5 19. Rxh5 Rxe4 20. f5 Bc6 21. Bxa7 Rf4 22. Be3 Re4 23. Bb6 Qe7 24. Bc7 Rd8 25. Bxd8 Qxd8 26. a3 Rf4 27. Nc1 Bf3 28. Rg1 Bg5 29. Qh2 Qf6 30. Nd3 Rxf5 31. Ne1 g3 32. Rxg5+ Rxg5 33. Rxg3 Bd5 34. Qh4 1-0

[Event "SWE-ch Masters"]
[Site "Uppsala"]
[Date "2022.07.02"]
[Round "1"]
[White "Bjorkman, Filip"]
[Black "Landgren, Andreas"]
[Result "1-0"]
[WhiteElo "2066"]
[BlackElo "2224"]
[PlyCount "91"]
[EventDate "2022.07.02"]
[EventType "swiss"]
[EventRounds "9"]
[EventCountry "SWE"]
[SourceTitle "EXT 2024"]
[Source "ChessBase"]
[SourceDate "2023.10.10"]
[SourceVersion "1"]
[SourceVersionDate "2023.10.10"]
[SourceQuality "1"]

1. e4 e5 2. Nf3 Nc6 3. Bc4 Bc5 4. c3 Nf6 5. d4 exd4 6. e5 d5 7. Bb5 Ne4 8. cxd4 Bb6 9. Nc3 0-0 10. Be3 Bg4 11. h3 Bh5 12. 0-0 Ba5 13. Qb3 Bxc3 14. bxc3 Bxf3 15. gxf3 Ng5 16. Kg2 Ne6 17. f4 f5 18. Qd1 Ne7 19. Qf3 Kh8 20. Kh2 c6 21. Bd3 b5 22. a4 a6 23. Ra2 Rb8 24. axb5 axb5 25. Rb1 Qc7 26. Ra6 Qc8 27. Ra7 Nc7 28. Bc1 Ra8 29. Rba1 Rxa7 30. Rxa7 Qb8 31. Ra1 Qb7 32. Qh5 Ne6 33. Kg3 g6 34. Qe2 Ra8 35. Ra3 Nc8 36. Qa2 Nb6 37. h4 Kg7 38. Qb3 Kf7 39. Qb4 Nc8 40. c4 Rxa3 41. Bxa3 dxc4 42. Bxc4 Ne7 43. Bxe6+ Kxe6 44. Qd6+ Kf7 45. Qf6+ Ke8 46. e6 1-0

[Event "Deltalift op"]
[Site "Tylosand"]
[Date "2022.05.28"]
[Round "8"]
[White "Landgren, Andreas"]
[Black "Strom Engdahl, Alexander"]
[Result "1-0"]
[WhiteElo "2197"]
[BlackElo "2049"]
[PlyCount "91"]
[EventDate "2022.05.26"]
[EventType "swiss"]
[EventRounds "8"]
[EventCountry "SWE"]
[SourceTitle "CBM 208 Extra"]
[Source "ChessBase"]
[SourceDate "2022.07.31"]
[SourceVersion "1"]
[SourceVersionDate "2022.07.31"]
[SourceQuality "1"]

1. d4 Nf6 2. c4 e6 3. Nf3 b6 4. g3 Bb7 5. Bg2 Bb4+ 6. Bd2 Bxd2+ 7. Qxd2 0-0 8. 0-0 d6 9. Qd3 Nbd7 10. Nc3 e5 11. e4 Qe7 12. Rfe1 Rfe8 13. d5 Nc5 14. Qc2 a5 15. b3 c6 16. Re2 cxd5 17. exd5 Bc8 18. Nd4 Bg4 19. f3 Qd7 20. Ndb5 Bf5 21. Qd2 Rad8 22. g4 Bg6 23. h3 Re7 24. Ne4 Bxe4 25. fxe4 h5 26. g5 Nh7 27. Kh2 Nf8 28. Bf3 Ng6 29. Bxh5 Nf4 30. Bg4 Qe8 31. Re3 f6 32. gxf6 gxf6 33. a3 a4 34. Rg1 Rg7 35. b4 Nb3 36. Qf2 Kf8 37. Reg3 Ke7 38. Qxb6 Nd2 39. Qc7+ Kf8 40. Qxg7+ Kxg7 41. Bh5+ Kh7 42. Bxe8 Rxe8 43. Nxd6 Rd8 44. Rg7+ Kh6 45. Nf7+ Kh5 46. Rh7# 1-0

[Event "Deltalift op"]
[Site "Tylosand"]
[Date "2022.05.26"]
[Round "4"]
[White "Landgren, Andreas"]
[Black "Bunjaku, Bahri"]
[Result "1-0"]
[WhiteElo "2197"]
[BlackElo "1970"]
[PlyCount "55"]
[EventDate "2022.05.26"]
[EventType "swiss"]
[EventRounds "8"]
[EventCountry "SWE"]
[SourceTitle "CBM 208 Extra"]
[Source "ChessBase"]
[SourceDate "2022.07.31"]
[SourceVersion "1"]
[SourceVersionDate "2022.07.31"]
[SourceQuality "1"]

1. d4 d5 2. c4 c6 3. Nf3 Nf6 4. Nc3 Bf5 5. cxd5 cxd5 6. Qb3 b6 7. e4 dxe4 8. Ne5 e6 9. Bb5+ Nfd7 10. g4 Bg6 11. h4 a6 12. Bxd7+ Nxd7 13. h5 Nxe5 14. dxe5 Bc5 15. hxg6 Qd4 16. Be3 Qxe5 17. Bxc5 bxc5 18. gxf7+ Kxf7 19. Qb7+ Kg6 20. Qxe4+ Qxe4+ 21. Nxe4 c4 22. 0-0-0 Rad8 23. Rxd8 Rxd8 24. Rd1 Rd5 25. f3 h5 26. gxh5+ Kxh5 27. Kc2 g5 28. Nf6+ 1-0

[Event "SWE-chT 1920 Elite"]
[Site "Sweden"]
[Date "2020.10.20"]
[Round "9.4"]
[White "Landgren, Andreas"]
[Black "Wisdahl, Peter"]
[Result "1-0"]
[WhiteElo "2255"]
[BlackElo "1991"]
[PlyCount "81"]
[EventDate "2019.10.18"]
[EventType "team-tourn"]
[EventRounds "9"]
[EventCountry "SWE"]
[SourceTitle "EXT 2022"]
[Source "ChessBase"]
[SourceDate "2021.10.06"]
[SourceVersion "1"]
[SourceVersionDate "2021.10.06"]
[SourceQuality "1"]
[WhiteTeam "Vasteras"]
[BlackTeam "Farsta"]
[WhiteTeamCountry "SWE"]
[BlackTeamCountry "SWE"]

1. d4 Nf6 2. c4 e6 3. Nc3 Bb4 4. Qc2 0-0 5. a3 Bxc3+ 6. Qxc3 b6 7. Bg5 h6 8. Bh4 Bb7 9. f3 d5 10. e3 Nbd7 11. cxd5 exd5 12. Bd3 c5 13. Ne2 Re8 14. Bf2 c4 15. Bc2 b5 16. 0-0 a5 17. Ng3 Qb6 18. Rac1 b4 19. axb4 axb4 20. Qd2 Ra2 21. Rb1 Ba6 22. Rfc1 Qa5 23. Be1 Rxb2 24. Bh7+ Nxh7 25. Qxb2 Rxe3 26. Bxb4 Qc7 27. Nf5 Re8 28. Ne7+ Kh8 29. Nxd5 Qc6 30. Nc3 Ng5 31. Qf2 Nf6 32. Re1 Rxe1+ 33. Rxe1 Bb7 34. Be7 Nd5 35. Nxd5 Qxd5 36. Re5 Qc6 37. Bxg5 hxg5 38. Rxg5 Qh6 39. Re5 Qc1+ 40. Qe1 Qf4 41. Rh5+ 1-0

[Event "SWE-chT 1920 Elite"]
[Site "Sweden"]
[Date "2020.02.02"]
[Round "4"]
[White "Wedberg, Tom"]
[Black "Landgren, Andreas"]
[Result "1-0"]
[WhiteElo "2417"]
[BlackElo "2255"]
[PlyCount "95"]
[EventDate "2019.10.18"]
[EventType "team-tourn"]
[EventRounds "9"]
[EventCountry "SWE"]
[SourceTitle "EXT 2023"]
[Source "ChessBase"]
[SourceDate "2022.10.05"]
[SourceVersion "1"]
[SourceVersionDate "2022.10.05"]
[SourceQuality "1"]
[WhiteTeam "Wasa"]
[BlackTeam "Vasteras"]
[WhiteTeamCountry "SWE"]
[BlackTeamCountry "SWE"]

1. e4 c5 2. Nf3 d6 3. d4 cxd4 4. Nxd4 Nf6 5. Nc3 a6 6. Bg5 Nbd7 7. Bc4 Qb6 8. Bb3 e6 9. Qd2 Be7 10. 0-0-0 Nc5 11. Rhe1 Bd7 12. f4 h6 13. Bxf6 Bxf6 14. Kb1 0-0-0 15. Qe3 Nxb3 16. axb3 Bc6 17. Rd3 Rd7 18. Qd2 Rhd8 19. g3 g6 20. Nxc6 Qxc6 21. Nd5 exd5 22. e5 Bxe5 23. fxe5 Qb6 24. e6 fxe6 25. Rxe6 Rf7 26. Rxg6 Rf1+ 27. Ka2 Qg1 28. b4 Ra1+ 29. Kb3 Kb8 30. Rxd5 Rc8 31. Rgxd6 Qb1 32. Rc5 Qa2+ 33. Kc3 Rxc5+ 34. bxc5 Rb1 35. b3 Qa5+ 36. Kc4 Qb5+ 37. Kd4 Qf1 38. Qf4 Qd1+ 39. Kc3 Qe1+ 40. Qd2 Qe5+ 41. Qd4 Qe1+ 42. Kc4 Qe2+ 43. Qd3 Qg4+ 44. Rd4 Qe6+ 45. Kb4 Ka7 46. Qe4 Qc8 47. Qg6 a5+ 48. Kb5 1-0

[Event "Sundsvall op"]
[Site "Sundsvall"]
[Date "2020.01.04"]
[Round "2"]
[White "Flyckt, Jakob"]
[Black "Landgren, Andreas"]
[Result "0-1"]
[WhiteElo "1954"]
[BlackElo "2239"]
[PlyCount "61"]
[EventDate "2020.01.04"]
[EventType "swiss"]
[EventRounds "8"]
[EventCountry "SWE"]
[SourceTitle "CBM 194 Extra"]
[Source "ChessBase"]
[SourceDate "2020.03.31"]
[SourceVersion "1"]
[SourceVersionDate "2020.03.31"]
[SourceQuality "1"]

1. d4 Nf6 2. Nf3 g6 3. g3 Bg7 4. Bg2 0-0 5. 0-0 d5 6. c4 c6 7. cxd5 cxd5 8. Nc3 Ne4 9. Nxe4 dxe4 10. Ng5 Qxd4 11. Qxd4 Bxd4 12. Rd1 Nc6 13. Nxe4 Bg7 14. Nc5 Nd4 15. Kf1 Rb8 16. Bf4 e5 17. Bg5 b6 18. Nd3 Bb7 19. Bxb7 Rxb7 20. Rac1 Re8 21. Rc4 f6 22. Bd2 Bf8 23. Rdc1 Kf7 24. Bb4 Bxb4 25. Nxb4 Ne6 26. e3 Rd8 27. Ke2 Rd6 28. Nc6 Nc5 29. Nb4 Rbd7 30. R4c2 a5 31. Ke1 0-1

[Event "SWE-chT 1920 Superettan"]
[Site "Sweden"]
[Date "2019.10.18"]
[Round "1"]
[White "Le, Quang Long"]
[Black "Landgren, Andreas"]
[Result "1-0"]
[WhiteElo "2415"]
[BlackElo "2255"]
[PlyCount "119"]
[EventDate "2019.10.18"]
[EventType "team-tourn"]
[EventRounds "9"]
[EventCountry "SWE"]
[SourceTitle "EXT 2023"]
[Source "ChessBase"]
[SourceDate "2022.10.05"]
[SourceVersion "1"]
[SourceVersionDate "2022.10.05"]
[SourceQuality "1"]
[WhiteTeam "Orgryte"]
[BlackTeam "Vasteras II"]
[WhiteTeamCountry "SWE"]
[BlackTeamCountry "SWE"]

1. c4 c5 2. g3 Nc6 3. Bg2 g6 4. Nh3 Bg7 5. Nf4 e6 6. Nc3 Nge7 7. 0-0 b6 8. a3 Bb7 9. b4 d6 10. Bb2 Qd7 11. Rb1 0-0 12. Ne4 e5 13. Nd5 Nxd5 14. cxd5 Ne7 15. Nc3 f5 16. d3 Rae8 17. Qb3 Kh8 18. a4 f4 19. a5 Nf5 20. Ne4 cxb4 21. Ra1 Qb5 22. Qc4 Qxd5 23. Qxb4 fxg3 24. hxg3 b5 25. Bf3 Rb8 26. a6 Ba8 27. Ng5 Qg8 28. Bxa8 Rxa8 29. e4 h6 30. Nh3 Nd4 31. Bxd4 exd4 32. Qxd6 Qf7 33. Nf4 Kh7 34. Qd5 Qxd5 35. Nxd5 Rf3 36. Ra3 g5 37. Kg2 Raf8 38. Ne7 R3f6 39. Ra5 Rb8 40. Rb1 Bf8 41. Nd5 Rc6 42. Raxb5 Rxb5 43. Rxb5 Rxa6 44. Rb7+ Kg6 45. f4 gxf4 46. gxf4 Ra3 47. f5+ Kg5 48. Rf7 Bd6 49. Rg7+ Kh4 50. f6 Rxd3 51. f7 a5 52. e5 Rd2+ 53. Kf3 Bc5 54. Rg4+ Kh3 55. Nf4+ Kh2 56. Rh4+ Kg1 57. Ne2+ Rxe2 58. Kxe2 a4 59. Rxd4 a3 60. Ra4 1-0

[Event "SWE-chT 1819 Elite"]
[Site "Sweden"]
[Date "2019.03.09"]
[Round "6"]
[White "Thorn, Eric"]
[Black "Landgren, Andreas"]
[Result "0-1"]
[WhiteElo "2300"]
[BlackElo "2276"]
[PlyCount "120"]
[EventDate "2018.11.09"]
[EventType "team-tourn"]
[EventRounds "9"]
[EventCountry "SWE"]
[SourceTitle "EXT 2021"]
[Source "ChessBase"]
[SourceDate "2020.10.23"]
[SourceVersion "1"]
[SourceVersionDate "2020.10.23"]
[SourceQuality "1"]
[WhiteTeam "Stockholm CC"]
[BlackTeam "Vasteras"]
[WhiteTeamCountry "SWE"]
[BlackTeamCountry "SWE"]

1. d4 Nf6 2. c4 e6 3. Nf3 d5 4. Nc3 Bb4 5. cxd5 exd5 6. Bg5 h6 7. Bh4 Nbd7 8. e3 g5 9. Bg3 Ne4 10. Nd2 Nxg3 11. hxg3 c6 12. a3 Be7 13. Bd3 Nb6 14. b4 a6 15. Nb3 Bd6 16. Qe2 Kf8 17. Nc5 Kg7 18. Qb2 Qe7 19. Kf1 Rb8 20. Re1 Qf6 21. Kg1 Re8 22. a4 Bf5 23. Be2 Re7 24. g4 Bg6 25. Rh3 Kh7 26. Rf3 Qg7 27. Qd2 Nd7 28. Nxd7 Rxd7 29. b5 axb5 30. axb5 Bb4 31. Bd3 c5 32. Rb1 Bxc3 33. Qxc3 c4 34. Bf5 Ra8 35. Ra1 Rdd8 36. g3 Rxa1+ 37. Qxa1 Qf6 38. Qa5 Qd6 39. Bxg6+ Kxg6 40. Qa1 Qe6 41. Rf5 Qe4 42. Qa5 Qe7 43. Qb6+ Kg7 44. Re5 Qd7 45. Rf5 Rc8 46. Qf6+ Kh7 47. Re5 Rc7 48. b6 Rc6 49. Re7 Rxf6 50. Rxd7 Rxb6 51. Rxf7+ Kg6 52. Rc7 Rb1+ 53. Kg2 b5 54. Rc5 b4 55. Rxd5 b3 56. Rc5 Rc1 57. Rb5 Rc2 58. d5 b2 59. d6 c3 60. e4 Rd2 0-1

[Event "Sundsvall op"]
[Site "Sundsvall"]
[Date "2019.01.05"]
[Round "5"]
[White "Olofsson, Henrik"]
[Black "Landgren, Andreas"]
[Result "1-0"]
[WhiteElo "1955"]
[BlackElo "2275"]
[PlyCount "63"]
[EventDate "2019.01.04"]
[EventType "swiss"]
[EventRounds "8"]
[EventCountry "SWE"]
[SourceTitle "CBM 188 Extra"]
[Source "ChessBase"]
[SourceDate "2019.02.26"]
[SourceVersion "1"]
[SourceVersionDate "2019.02.26"]
[SourceQuality "1"]

1. d4 Nf6 2. c4 e6 3. Nf3 d5 4. Nc3 Bb4 5. Bg5 dxc4 6. e4 c5 7. Bxc4 cxd4 8. Nxd4 Qa5 9. Bxf6 Bxc3+ 10. bxc3 Qxc3+ 11. Kf1 gxf6 12. Rc1 Qa5 13. f4 Ke7 14. Qg4 Rd8 15. Nf3 b5 16. Be2 Bb7 17. f5 e5 18. Nxe5 fxe5 19. Qg5+ Ke8 20. f6 Nd7 21. Bh5 Qxa2 22. Rc7 Qa1+ 23. Kf2 Qd4+ 24. Kg3 Qd3+ 25. Kh4 Qxe4+ 26. g4 Qg6 27. Bxg6 fxg6 28. f7+ Kxf7 29. Rf1+ Ke6 30. Rxb7 h6 31. Qxg6+ Kd5 32. Rd1+ 1-0

[Event "SWE-chT 1819 Elite"]
[Site "Sweden"]
[Date "2018.11.11"]
[Round "3.3"]
[White "Landgren, Andreas"]
[Black "Schutz, Ingemar"]
[Result "1-0"]
[WhiteElo "2276"]
[BlackElo "2211"]
[PlyCount "125"]
[EventDate "2018.11.09"]
[EventType "team-tourn"]
[EventRounds "9"]
[EventCountry "SWE"]
[SourceTitle "CBM 187 Extra"]
[Source "ChessBase"]
[SourceDate "2018.11.04"]
[SourceVersion "1"]
[SourceVersionDate "2018.11.04"]
[SourceQuality "1"]
[WhiteTeam "Vasteras"]
[BlackTeam "Norrkoping Schack 08"]
[WhiteTeamCountry "SWE"]
[BlackTeamCountry "SWE"]

1. d4 Nf6 2. c4 g6 3. Nc3 Bg7 4. e4 0-0 5. Nf3 d6 6. Be2 e5 7. 0-0 exd4 8. Nxd4 Re8 9. f3 c6 10. Kh1 Nbd7 11. Bf4 Nh5 12. Bxd6 Qf6 13. Nb3 Nf4 14. c5 Ne5 15. Re1 Be6 16. Bf1 Rad8 17. Qc2 h5 18. g3 Nfd3 19. Re3 Nb4 20. Qg2 Nc4 21. Ree1 Nxd6 22. e5 Qe7 23. cxd6 Qf8 24. Nc5 Bc8 25. a3 Nd5 26. f4 Nxc3 27. bxc3 b6 28. d7 Bxd7 29. Nxd7 Rxd7 30. Qxc6 Qe7 31. Qe4 Rc7 32. Bc4 Qc5 33. Bd5 Qxc3 34. Qxg6 Qf3+ 35. Bxf3 fxg6 36. Rac1 Ree7 37. Be4 Kf7 38. Red1 g5 39. Bf3 gxf4 40. gxf4 Rxc1 41. Bxh5+ Ke6 42. Bg4+ Kf7 43. Rxc1 Bh6 44. Bh5+ Kg7 45. Rf1 b5 46. Kg2 Kh7 47. Kf3 Bf8 48. Rb1 Kh6 49. Bg4 Rb7 50. Rb3 a5 51. Ke4 a4 52. Rh3+ Kg7 53. Be6 b4 54. f5 b3 55. f6+ Kg6 56. Bf5+ Kg5 57. Rg3+ Kh4 58. Rg8 Bh6 59. e6 b2 60. Kd4 Rb5 61. Bb1 Bg5 62. Rxg5 Kxg5 63. f7 1-0

[Event "SWE-chT 1819 Superettan"]
[Site "Sweden"]
[Date "2018.11.10"]
[Round "2"]
[White "Landgren, Andreas"]
[Black "Solodovnichenko, Yuri"]
[Result "0-1"]
[WhiteElo "2276"]
[BlackElo "2574"]
[PlyCount "146"]
[EventDate "2018.11.09"]
[EventType "team-tourn"]
[EventRounds "9"]
[EventCountry "SWE"]
[SourceTitle "EXT 2020"]
[Source "ChessBase"]
[SourceDate "2019.10.17"]
[SourceVersion "1"]
[SourceVersionDate "2019.10.17"]
[SourceQuality "1"]
[WhiteTeam "Vasteras II"]
[BlackTeam "Vaxjo"]
[WhiteTeamCountry "SWE"]
[BlackTeamCountry "SWE"]

1. d4 d6 2. e4 g6 3. Nc3 Bg7 4. Be3 Nd7 5. Qd2 c6 6. Nf3 b5 7. Bd3 Nb6 8. b3 Bg4 9. Rd1 Nf6 10. Bh6 0-0 11. Bxg7 Kxg7 12. Qf4 Qc7 13. Be2 Bxf3 14. Bxf3 e5 15. dxe5 dxe5 16. Qe3 b4 17. Nb1 c5 18. 0-0 c4 19. c3 a5 20. Rc1 Rfc8 21. Be2 Qc5 22. Qxc5 Rxc5 23. f3 cxb3 24. axb3 Rac8 25. c4 a4 26. bxa4 Nxa4 27. Nd2 Nc3 28. Kf2 Ra5 29. Ra1 Ra3 30. Rxa3 bxa3 31. Nb1 Nxb1 32. Rxb1 Nd7 33. Ra1 Ra8 34. Ra2 Kf6 35. Ke1 Ke7 36. Kd2 Kd6 37. Kc3 Kc5 38. Bd1 Nb8 39. Bb3 Nc6 40. Rd2 Nd4 41. Ba2 Rd8 42. Rf2 g5 43. Bb1 Rb8 44. Ba2 Rb6 45. Rd2 Rd6 46. Bb1 Rh6 47. h3 Rb6 48. Ba2 h5 49. Rf2 h4 50. Rd2 f6 51. Rf2 Rb2 52. Rxb2 axb2 53. Kxb2 Ne2 54. Bb3 Nf4 55. Kc3 Nxg2 56. Ba4 Kd6 57. c5+ Kxc5 58. Bd7 Nf4 59. Bg4 Ne2+ 60. Kd3 Nd4 61. Kc3 Nb5+ 62. Kd3 Kb4 63. Be6 Nd4 64. Bg4 Nb3 65. Bc8 Nc5+ 66. Kd2 Kc4 67. Ke3 Kc3 68. Bg4 Nd3 69. Bc8 Nf4 70. Bd7 Kc2 71. Bc8 Kd1 72. Kf2 Kd2 73. Bd7 Nd3+ 0-1

[Event "SWE-chB"]
[Site "Ronneby"]
[Date "2018.07.08"]
[Round "9"]
[White "Furhoff, Johan"]
[Black "Landgren, Andreas"]
[Result "1-0"]
[WhiteElo "2332"]
[BlackElo "2278"]
[PlyCount "65"]
[EventDate "2018.06.30"]
[EventType "tourn"]
[EventRounds "9"]
[EventCountry "SWE"]
[EventCategory "3"]
[SourceTitle "CBM 185 Extra"]
[Source "ChessBase"]
[SourceDate "2018.07.29"]
[SourceVersion "1"]
[SourceVersionDate "2018.07.29"]
[SourceQuality "1"]

1. e4 e6 2. d4 d5 3. Nd2 dxe4 4. Nxe4 Nd7 5. Nf3 Ngf6 6. Bd3 c5 7. 0-0 cxd4 8. Nxd4 Nxe4 9. Bxe4 Nf6 10. Bf3 Be7 11. Nb5 Qb6 12. c4 0-0 13. Be3 Bc5 14. Bf4 Ne8 15. Rb1 a6 16. b4 axb5 17. bxc5 Qxc5 18. cxb5 Qc4 19. Qc1 Qa4 20. Rd1 Nf6 21. Be5 Nd5 22. Bxd5 exd5 23. Bxg7 Kxg7 24. Qg5+ Kh8 25. Qf6+ Kg8 26. Rxd5 Re8 27. Rg5+ Kf8 28. Qd6+ Re7 29. Qh6+ Ke8 30. Rg8+ Kd7 31. Qd2+ Kc7 32. Qd8+ Kb8 33. Qxc8+ 1-0